logo

Bir Sreshtho Munshi Abdur Rouf Library
Jhenaidah Cadet College

মানিক রচনাবলি / (Record no. 2146)

MARC details
000 -LEADER
fixed length control field 00743nam a2200253 a 4500
001 - CONTROL NUMBER
JCCL Control Number 2146
003 - CONTROL NUMBER IDENTIFIER
JCCL marc code BD-JhCC
005 - DATE AND TIME OF LATEST TRANSACTION
control field 20200226134007.0
008 - FIXED-LENGTH DATA ELEMENTS--GENERAL INFORMATION
fixed length control field 171030s2005 bg ||||| ||a| 00| 0 en d
020 ## - INTERNATIONAL STANDARD BOOK NUMBER
International Standard Book Number 9847763763
020 ## - INTERNATIONAL STANDARD BOOK NUMBER
International Standard Book Number 9847763860
035 ## - SYSTEM CONTROL NUMBER
system control number (BD-JhCC)2146
040 ## - CATALOGING SOURCE
Original cataloging agency BD-JhCC
Modifying agency BD-JhCC
041 ## - LANGUAGE CODE
Language code of Book ben
082 ## - DEWEY DECIMAL CLASSIFICATION NUMBER
Classification number 891.4409
Author mark and Year BON 2005
100 ## - MAIN ENTRY--PERSONAL NAME
Personal name বন্দোপাধ্যায়, মানিক
245 ## - TITLE STATEMENT
Title মানিক রচনাবলি /
Statement of responsibility, etc মানিক বন্দোপাধ্যায়
260 ## - PUBLICATION, DISTRIBUTION, ETC. (IMPRINT)
Place of publication, distribution, etc ঢাকা :
Name of publisher, distributor, etc ঐতিহ্য,
Date of publication, distribution, etc 2005.
300 ## - PHYSICAL DESCRIPTION
Pagination 567 p. :
Dimensions 20 cm.
500 ## - GENERAL NOTE
General note Set book
650 ## - SUBJECT ADDED ENTRY--TOPICAL TERM
Topical term or geographic name as entry element Compilation of literatry work
942 ## - ADDED ENTRY ELEMENTS (KOHA)
Source of classification or shelving scheme Dewey Decimal Classification
Koha item type Books
Koha issues (borrowed), all copies 6
Holdings
Source of classification or shelving scheme volume number Damaged status Not for loan Home library Current library Shelving location Date of accession Source of acquisition Total Checkouts Full call number Barcode Date last seen Date checked out Copy number Koha item type
Dewey Decimal Classification V -1     JCC Rouf Library JCC Rouf Library General Stacks 10/30/2017 Foundation of Tenth's Efforts 1 891.4409 BON 2005 2621 07/18/2024 07/11/2024 C-1 Books
Dewey Decimal Classification V-8     JCC Rouf Library JCC Rouf Library General Stacks 10/30/2017 Foundation of Tenth's Efforts   891.4409 BON 2005 2626 10/30/2017   C-1 Books
Dewey Decimal Classification V-9     JCC Rouf Library JCC Rouf Library General Stacks 10/30/2017 Foundation of Tenth's Efforts   891.4409 BON 2005 2627 10/30/2017   C-3 Books
Dewey Decimal Classification V-10     JCC Rouf Library JCC Rouf Library General Stacks 10/30/2017     891.4409 BON 2005 2628 10/30/2017   C-4 Books
Dewey Decimal Classification V-7     JCC Rouf Library JCC Rouf Library General Stacks 10/30/2017 Foundation of Tenth's Efforts 2 891.4409 BON 2005 2625 03/15/2020 02/25/2020 C-5 Books
Dewey Decimal Classification V-6     JCC Rouf Library JCC Rouf Library General Stacks 10/30/2017 Foundation of Tenth's Efforts   891.4409 BON 2005 2624 10/30/2017   C-6 Books
Dewey Decimal Classification V-5     JCC Rouf Library JCC Rouf Library General Stacks 10/30/2017 Foundation of Tenth's Efforts 3 891.4409 BON 2005 2623 11/25/2024 06/09/2024 C-7 Books
Dewey Decimal Classification V-3     JCC Rouf Library JCC Rouf Library General Stacks 10/30/2017 Foundation of Tenth's Efforts   891.4409 BON 2005 2622 10/30/2017   C-8 Books

JCC Library | Contacts | JCC Home

Last Update on 23 September 2017
Copyright @ 2017-2020 JCC Rouf Library
Rouf Library, Jhenidah Cadet College (JCC), Bangladesh